|
|
|
|
| LEADER |
01251nam a2200289 a 4500 |
| 001 |
2134441 |
| 008 |
091105s1996 enka b 001 0 eng d |
| 010 |
|
|
|a \\\97176369
|
| 020 |
|
|
|a 1853833665
|
| 020 |
|
|
|a 1853833657 (pbk.)
|
| 040 |
|
|
|a EUN
|c EUN
|d AGL
|d NNU
|d DLC
|d DLC
|
| 082 |
0 |
0 |
|a 307.1/2120941
|2 21
|
| 245 |
0 |
4 |
|a The rural economy and the British countryside /
|c edited by Paul Allanson and Martin Whitby.
|
| 260 |
|
|
|a London :
|b Earthscan,
|c 1996.
|
| 300 |
|
|
|a xiv, 226 p. :
|b ill. ;
|c 23 cm.
|
| 500 |
|
|
|a "University of Newcastle upon Tyne Centre for Rural Economy."
|
| 504 |
|
|
|a Includes bibliographical references (p. [203]-218) and index.
|
| 541 |
1 |
|
|e 00011239
|
| 650 |
|
0 |
|a Rural development
|z Great Britain.
|
| 651 |
|
0 |
|a Great Britain
|x Rural conditions.
|
| 651 |
|
0 |
|a Great Britain
|x Economic conditions
|y 1979-1997.
|
| 700 |
1 |
|
|a Allanson, Paul.
|
| 700 |
1 |
|
|a Whitby, Martin Charles.
|
| 710 |
2 |
|
|a University of Newcastle upon Tyne.
|b Centre for Rural Economy.
|
| 852 |
4 |
|
|a Ayesha Abed Library
|j General shelf
|
| 999 |
|
|
|c 5173
|d 5173
|
| 952 |
|
|
|0 0
|1 0
|2 ddc
|4 0
|6 307_121209410000000_RUR_1996
|7 0
|9 5026
|a BRACUL
|b BRACUL
|c GEN
|d 2009-11-07
|g 0.00
|l 0
|o 307.12120941 RUR
|p 3010011239
|r 2009-11-07
|t 1
|w 2009-11-07
|y BK
|x No price found in the accession register.
|